Ethnic conflict and civic life : (Record no. 52592)

MARC details
000 -LEADER
fixed length control field 02112nam a22003377a 4500
005 - DATE AND TIME OF LATEST TRANSACTION
control field 20110525121031.0
010 ## - LCCN (DPL NO)
LC control number B-430599-601 B-440974-975
020 ## - INTERNATIONAL STANDARD BOOK NUMBER
International Standard Book Number 0195672429
Terms of availability 375.00
020 ## - INTERNATIONAL STANDARD BOOK NUMBER
International Standard Book Number 9780195672428
Terms of availability 375.00
035 ## - SYSTEM CONTROL NUMBER
System control number B-430599-601
035 ## - SYSTEM CONTROL NUMBER
System control number B-440974-975
037 ## - SOURCE OF ACQUISITION
Source of stock number/acquisition RBC/VEN
082 ## - DEWEY DECIMAL CLASSIFICATION NUMBER
Classification number 954.00882971
100 ## - MAIN ENTRY--PERSONAL NAME
Personal name Varshney, Ashutosh,
Dates associated with a name 1957-
245 ## - TITLE STATEMENT
Title Ethnic conflict and civic life :
Remainder of title Hindus and Muslims in India /
Statement of responsibility, etc Ashutosh Varshney.
260 ## - PUBLICATION, DISTRIBUTION, ETC. (IMPRINT)
Place of publication, distribution, etc New Delhi
Name of publisher, distributor, etc Oxford University Press
Date of publication, distribution, etc 2010
300 ## - PHYSICAL DESCRIPTION
Extent xxv, 382p.
Other physical details ill.
Dimensions 22 cm. (pbk)
500 ## - GENERAL NOTE
General note Includes bibliographical references and index.
650 ## - SUBJECT ADDED ENTRY--TOPICAL TERM
Topical term or geographic name as entry element Muslims
Geographic subdivision India
650 ## - SUBJECT ADDED ENTRY--TOPICAL TERM
Topical term or geographic name as entry element Hindus
Geographic subdivision India
650 ## - SUBJECT ADDED ENTRY--TOPICAL TERM
Topical term or geographic name as entry element Ethnic conflict
Geographic subdivision India
650 ## - SUBJECT ADDED ENTRY--TOPICAL TERM
Topical term or geographic name as entry element Communalism
Geographic subdivision ndia
942 ## - ADDED ENTRY ELEMENTS (KOHA)
Source of classification or shelving scheme Dewey Decimal Classification
Item type English Books
Classification part 954.00882971
Call number suffix VAR
Holdings
Withdrawn status Lost status Not for loan Collection code Home library Current library Date acquired Source of acquisition Cost, normal purchase price Full call number Barcode Copy number Cost, replacement price Koha item type
      Non-fiction Central Library Central Library 26/05/2011 RBC-22612/2010-11/26-03-11/76/04-03-11/31-03-11 375.00 954.00882971 VAR B-430599 1 375.00 English Books
      Non-fiction Karol Bagh Central Library 03/08/2011 Researchco Book Centre/RBC-25096/2011-12/R/20.4.11/76/4.3.11/9.6.11 375.00 954.00882971 VAR B-440974 1 375.00 English Books
      Non-fiction Patel Nagar Patel Nagar 26/05/2011 RBC-22612/2010-11/26-03-11/76/04-03-11/31-03-11 375.00 954.00882971 VAR B-430600 1 375.00 English Books
      Non-fiction Sarojini Nagar Sarojini Nagar 26/05/2011 RBC-22612/2010-11/26-03-11/76/04-03-11/31-03-11 375.00 954.00882971 VAR B-430601 1 375.00 English Books
      Non-fiction Shahdara Branch Shahdara Branch 03/08/2011 Researchco Book Centre/RBC-25096/2011-12/R/20.4.11/76/4.3.11/9.6.11 375.00 954.00882971 VAR B-440975 1 375.00 English Books

© Delhi Public Library
Hit Counter
free hit counter